[Event "Nuremberg Zabo op 11th"]
[Site "Nuremberg"]
[Date "2009.09.19"]
[Round "2"]
[White "Vogiatzis, Dimitrios"]
[Black "Bala, Claudiu"]
[Result "1-0"]
[WhiteElo "1988"]
[BlackElo "1771"]
[PlyCount "24"]
[EventDate "2009.09.18"]
[EventType "swiss"]
[EventRounds "5"]
[EventCountry "GER"]
[SourceTitle "EXT 2012"]
[Source "ChessBase"]
[SourceDate "2011.11.24"]
[SourceVersion "1"]
[SourceVersionDate "2011.11.24"]
[SourceQuality "1"]

1. e4 c5 2. Nc3 e6 3. f4 d5 4. Nf3 dxe4 5. Nxe4 Nf6 6. Bb5+ Bd7 7. Qe2 a6 8. Bxd7+ Nbxd7 9. d3 Qc7 10. Neg5 Be7 11. Nxf7 Rf8 12. N7g5 0-0-0 1-0

[Event "Nuremberg Zabo op 11th"]
[Site "Nuremberg"]
[Date "2009.09.18"]
[Round "1"]
[White "Bala, Claudiu"]
[Black "Tong, Kevin"]
[Result "1-0"]
[WhiteElo "1771"]
[BlackElo "1119"]
[PlyCount "123"]
[EventDate "2009.09.18"]
[EventType "swiss"]
[EventRounds "5"]
[EventCountry "GER"]
[SourceTitle "EXT 2012"]
[Source "ChessBase"]
[SourceDate "2011.11.24"]
[SourceVersion "1"]
[SourceVersionDate "2011.11.24"]
[SourceQuality "1"]

1. e4 e5 2. Nf3 Nc6 3. Bc4 Bc5 4. 0-0 Nf6 5. d3 0-0 6. Bd5 d6 7. Bxc6 bxc6 8. h3 h6 9. c3 Ba6 10. Re1 Re8 11. a3 d5 12. exd5 cxd5 13. Rxe5 Rxe5 14. Nxe5 Bd6 15. Nf3 Qd7 16. Be3 Qb5 17. c4 dxc4 18. dxc4 Qxc4 19. Nbd2 Qb5 20. b4 Nd5 21. Qb3 Nxe3 22. Qxe3 Bb7 23. Re1 a6 24. Nb3 Rb8 25. Na5 Ba8 26. Rc1 Qd5 27. Qa7 Re8 28. Qxa6 Bf4 29. Rf1 Qe4 30. b5 Qg6 31. Qxg6 fxg6 32. Nd4 Bd5 33. g3 Bd2 34. Nab3 Bg5 35. Nc5 Be7 36. Re1 Bf7 37. Na6 Bd6 38. Rxe8+ Bxe8 39. a4 Bd7 40. g4 g5 41. Nb8 Bc8 42. Nbc6 Bd7 43. a5 Bxc6 44. Nxc6 Bc5 45. a6 Bb6 46. a7 Bxa7 47. Nxa7 Kf7 48. Kf1 Ke7 49. Ke2 Ke6 50. Ke3 Ke5 51. Nc6+ Kd5 52. f3 Kc5 53. Nd4 Kd5 54. Nf5 g6 55. Nxh6 c6 56. bxc6 Kxc6 57. Nf7 Kd5 58. Nxg5 Ke5 59. f4+ Kd5 60. h4 Kd6 61. Ke4 Ke7 62. Ke5 1-0

[Event "Mittelfrankenliga-B2b 0506"]
[Site "Germany"]
[Date "2006.01.29"]
[Round "5.8"]
[White "Gajewski, Richard"]
[Black "Bala, Claudiu"]
[Result "0-1"]
[WhiteElo "1589"]
[BlackElo "1649"]
[PlyCount "54"]
[EventDate "2005.10.16"]
[EventType "team"]
[EventRounds "9"]
[EventCountry "GER"]
[SourceTitle "EXT 2007"]
[Source "ChessBase"]
[SourceDate "2006.11.23"]
[SourceVersion "1"]
[SourceVersionDate "2006.11.23"]
[SourceQuality "1"]

1. e4 c5 2. d4 cxd4 3. c3 dxc3 4. Nxc3 Nc6 5. Bc4 Nf6 6. Bf4 d6 7. Qb3 e6 8. Nf3 Nd7 9. Bxe6 fxe6 10. Qxe6+ Be7 11. Bxd6 Nde5 12. Qb3 Nxf3+ 13. gxf3 Qxd6 14. Rd1 Qe6 15. Nd5 0-0 16. Rg1 Bb4+ 17. Ke2 a5 18. Qe3 b6 19. Qxb6 Ba6+ 20. Ke3 Qh6+ 21. f4 Rfb8 22. Rxg7+ Kxg7 23. Qc7+ Kh8 24. Qf7 Bc5+ 25. Kd2 Rxb2+ 26. Kc1 Ba3 27. Nc7 Rxf2+ 0-1

[Event "Nuremberg Zabo op 04th"]
[Site "Nuremberg"]
[Date "2002.09.29"]
[Round "4"]
[White "Thoma, Dirk"]
[Black "Bala, Claudiu"]
[Result "1-0"]
[WhiteElo "1513"]
[BlackElo "1360"]
[PlyCount "51"]
[EventDate "2002.09.27"]
[EventType "swiss"]
[EventRounds "5"]
[EventCountry "GER"]
[SourceTitle "EXT 2003"]
[Source "ChessBase"]
[SourceDate "2002.11.25"]
[SourceVersion "1"]
[SourceVersionDate "2002.11.25"]
[SourceQuality "1"]

1. d4 Nf6 2. Nf3 d5 3. Bg5 e6 4. e3 Be7 5. Bd3 0-0 6. Nbd2 Nbd7 7. 0-0 h6 8. Bh4 b6 9. Qe2 c5 10. c4 Bb7 11. Rac1 Rc8 12. Ne5 Nxe5 13. dxe5 Nd7 14. Bxe7 Qxe7 15. f4 Nb8 16. b3 Rfd8 17. Bb1 dxc4 18. Nxc4 Ba6 19. Qc2 g6 20. Rf3 Bb7 21. Rh3 Kh7 22. Nd6 Rxd6 23. exd6 Qxd6 24. Rd1 Qe7 25. Qe2 Nd7 26. Qh5 1-0

[Event "Nuremberg Zabo op 04th"]
[Site "Nuremberg"]
[Date "2002.09.27"]
[Round "1"]
[White "Bala, Claudiu"]
[Black "Margraf, Achim"]
[Result "0-1"]
[WhiteElo "1360"]
[BlackElo "1852"]
[PlyCount "52"]
[EventDate "2002.09.27"]
[EventType "swiss"]
[EventRounds "5"]
[EventCountry "GER"]
[SourceTitle "EXT 2003"]
[Source "ChessBase"]
[SourceDate "2002.11.25"]
[SourceVersion "1"]
[SourceVersionDate "2002.11.25"]
[SourceQuality "1"]

1. c4 Nf6 2. Nc3 e6 3. Nf3 c5 4. d4 cxd4 5. Nxd4 a6 6. Bg5 Be7 7. e3 b6 8. Nf3 Bb7 9. Be2 d6 10. Qc2 Qc7 11. 0-0 Nbd7 12. Rfd1 Rc8 13. Rd2 0-0 14. Rad1 Rfd8 15. Nd4 Ne5 16. b3 Qb8 17. f4 Nc6 18. Nxc6 Bxc6 19. Bd3 h6 20. Bxf6 Bxf6 21. c5 dxc5 22. Bxa6 Rxd2 23. Rxd2 Rd8 24. Bd3 Qa8 25. Bh7+ Kf8 26. Be4 Rxd2 0-1